000 008660000a22002170004500
041 0 _aSPA
082 0 4 _aG 150 S6283c
100 1 _aSkinner, B. F. (Burrhus Frederic) (1904-)
245 1 0 _aCiencia y conducta humana (Una psicología científica) / B. F.Skinner ; María Josefa Gallofré, Traductora
250 _a2
260 _aBarcelona, España : Fontanella
300 _a415 Pag.
500 _aTítulo original : Science and human behavior
505 0 0 _aposibilidad de una ciencia de la conducta humana -- el análisis de la conducta -- el individuo como un todo -- la conducta de los individuos en el grupo -- instancias que ejercen control -- el control de la conducta humana
650 1 4 _aPSICOLOGIA
001 834
942 _cBK
999 _c32265
_d32265
336 _atexto
_btxt
_2rdacontent
337 _2rdamedia
_asin mediación
_bn
338 _2rdacarrier
_avolumen
_bnc